| 000 -ლიდერი |
| ფიქსირებული სიგრძის საკონტროლო ველი |
01237nam a22002417a 4500 |
| 003 - საკონტროლო ნომრის იდენტიფიკატორი |
| საკონტროლო ველი |
Ge_BSU |
| 005 - ბოლო ოპერაციის თარიღი და დრო |
| საკონტროლო ველი |
20200527155354.0 |
| 008 - ფიქსირებული სიგრძის მონაცემთა ელემენტები - ზოგადი ინფორმაცია |
| ფიქსირებული სიგრძის საკონტროლო ველი |
200527s2018 ge ||||| |||| 00| 0 geo d |
| 020 ## - წიგნის საერთაშორისო სტანდარტული ნომერი |
| International Standard Book Number |
9789941958557 |
| 041 ## - ენის კოდი |
| Language code of text/sound track or separate title |
geo |
| 080 ## - უნივერსალური ათობითი კლასიფიკაციის ინდექსი |
| Universal Decimal Classification number |
347.961(479.22) გ-61 |
| 100 ## - მთავარი ჩანაწერი - პიროვნების სახელი |
| Personal name |
გოგოლაძე, მარიკა. |
| 9 (RLIN) |
8230 |
| 245 ## - ცნობა სათაურის შესახებ |
| Title |
სანოტარო სამართალი. წ. 2 / |
| Statement of responsibility, etc |
მარიკა გოგოლაძე, გიორგი მარიამიძე ; საქ. ნოტარიუსთა პალატა. |
| 250 ## - გამოცემის ცნობა |
| Edition statement |
I გამოცემა. |
| 264 ## - წარმოების, გამოცემის, დისტრიბუციის და სხვა ცნობები |
| გამოცემის, წარმოების, დისტრიბუციის... ადგილი |
თბილისი : |
| გამოცემის, წარმოების, დისტრიბუციის... სახელწოდება |
იურისტების სამყარო, |
| გამოცემის, წარმოების, დისტრიბუციის... თარიღი |
2018. |
| 300 ## - ფიზიკური აღწერა |
| Extent |
434 გვ. |
| Other physical details |
21 სმ. |
| 504 ## - BIBLIOGRAPHY, ETC. NOTE |
| Bibliography, etc |
ბიბლიოგრ. ტექსტის შენიშვნებში. |
| 653 ## - INDEX TERM--UNCONTROLLED |
| Uncontrolled term |
საქართველოს სანოტარო სამართალი |
| 653 ## - INDEX TERM--UNCONTROLLED |
| Uncontrolled term |
ნოტარიუსი |
| 653 ## - INDEX TERM--UNCONTROLLED |
| Uncontrolled term |
ნოტარიუსთა სავალდებულო პროფესიული დაზღვევა |
| 700 ## - ADDED ENTRY--PERSONAL NAME |
| Personal name |
მარიამიძე, გიორგი |
| Relator term |
ავტორი |
| 9 (RLIN) |
8231 |
| 942 ## - ADDED ENTRY ELEMENTS (KOHA) |
| Source of classification or shelving scheme |
|
| Koha item type |
წიგნი |